000 00789nam a2200253Ia 4500
003 OSt
005 20220923222752.0
006 a|||||r|||| 00| 0
007 ta
008 220922b |||||||| |||| 00| 0 hin d
024 _a207,659
037 _cTextual
040 _aARTS
_cARTS
_bhin
041 _2hin
_ahin
082 _aO152,3N444,EK, N0
100 _aमुद्गल, चित्रा
245 0 _aएक जमीन अपनी
246 _aEk jamīn apanī
260 _aदिल्ली
_b प्रभात प्रका0
_c1990
300 _a255पृ.
_ccm.
650 _aहिन्दी साहित्य
_9156264
942 _hO152,3N444,EK, N0
_cTEXL
_2CC
999 _c358276
_d358276